Lesk a bída rozhlasové reklamy

Nedocenená rozhlasová reklama. Názory predstaviteľov popredných reklamných agentúr na rozhlasovú reklamu. Najčastejšie používanie a úloha rozhlasových reklám. Postup tvorenia rozhlasovej reklamy. Tohtoročné spoty ocenené českým Louskáčkom.

Salvato in:
Dettagli Bibliografici
Autore principale: Vajnerová, Ivana
Natura: Capitolo di libro
Lingua:ceco
Soggetti:
Tags: Aggiungi Tag
Nessun Tag, puoi essere il primo ad aggiungerne!!

MARC

LEADER 00000naa a2200000 4500
001 r035618
005 20230911121953.4
041 0 |a cze 
044 |a CZ 
245 1 0 |a Lesk a bída rozhlasové reklamy  |c Ivana Vajnerová 
520 |a Nedocenená rozhlasová reklama. Názory predstaviteľov popredných reklamných agentúr na rozhlasovú reklamu. Najčastejšie používanie a úloha rozhlasových reklám. Postup tvorenia rozhlasovej reklamy. Tohtoročné spoty ocenené českým Louskáčkom. 
610 2 0 |a reklama 
610 2 0 |a kampane reklamné 
610 2 0 |a techniky reklamné 
610 2 0 |a rozhlas 
610 2 0 |a Česko 
100 1 |a Vajnerová, Ivana